WWE Royal Rumble - Qui a éliminé l'Undertaker ? - Statistiques

Statistiques générales
  • Ce quiz a été pris 345 fois
  • Le résultat moyen est 5 sur 10
Statistiques - réponses
Rumble Éliminé par % Correct
2008 Shawn Michaels
82%
2017 Roman Reigns
80%
2003 Brock Lesnar
77%
1997 Steve Austin
77%
1992 Hulk Hogan
68%
2009 Big Show
67%
2002 Maven
39%
2001 Rikishi
20%
1993 Giant Gonzales
16%
1991 Road Warriors (Hawk et Animal)
10%
Aucun quiz correspondant
Distribution des résultats
% des personnes avec chaque résultat
Percentile par nombre de réponses
Votre historique - résultats
Vous n’avez pas pris ce quiz